|
|
|
|
| LEADER |
00949nam a2200241 a 4500 |
| 001 |
2487236 |
| 008 |
091103s1992 mau b 001 0 eng d |
| 010 |
|
|
|a 91023631
|
| 020 |
|
|
|a 1557862990
|
| 020 |
|
|
|a 1557863008
|
| 040 |
|
|
|a DLC
|c DLC
|d DLC
|
| 082 |
0 |
0 |
|a 307.1/4
|2 20
|
| 100 |
1 |
|
|a Friedmann, John.
|
| 245 |
1 |
0 |
|a Empowerment :
|b the politics of alternative development /
|c John Friedmann.
|
| 260 |
|
|
|a Cambridge, MA :
|b Blackwell,
|c 1992.
|
| 300 |
|
|
|a ix, 196 p.;
|c 24 cm.
|
| 504 |
|
|
|a Includes bibliographical references (p. [172]-187) and index.
|
| 541 |
1 |
|
|e 00005793
|
| 650 |
|
0 |
|a Community development.
|
| 650 |
|
0 |
|a Economic development
|x Social aspects.
|
| 852 |
4 |
|
|a Ayesha Abed Library
|j General Shelf.
|
| 999 |
|
|
|c 5108
|d 5108
|
| 952 |
|
|
|0 0
|1 0
|2 ddc
|4 0
|6 307_140000000000000_FRI_1992
|7 0
|9 4961
|a BRACUL
|b BRACUL
|c GEN
|d 2009-11-04
|g 0.00
|l 1
|m 1
|o 307.14 FRI
|p 3010005793
|r 2014-12-20
|s 2014-12-10
|t 1
|w 2009-11-04
|y BK
|x No price found in the accession register.
|